000 00329nam a2200121Ia 4500
008 190415s9999 xx 000 0 und d
082 _a327.54047 IND-
100 _aIndo-Russian Seminar on India
245 0 _aIndia and Russia in a Changing World: proceedings
260 _aNew Delhi
_bICSSR
_c1999
300 _a160
942 _cBK
999 _c15319
_d15319